Pauvre Anne (Record no. 22590)

MARC details
000 -LEADER
fixed length control field 00515nam a22001937a 4500
003 - CONTROL NUMBER IDENTIFIER
control field OSt
005 - DATE AND TIME OF LATEST TRANSACTION
control field 20260520104609.0
008 - FIXED-LENGTH DATA ELEMENTS--GENERAL INFORMATION
fixed length control field 260520b |||||||| |||| 00| 0 eng d
020 ## - INTERNATIONAL STANDARD BOOK NUMBER
International Standard Book Number 0-929724-54-2
040 ## - CATALOGING SOURCE
Transcribing agency Chuka University Library
050 ## - LIBRARY OF CONGRESS CALL NUMBER
Classification number PC 2129 .R39 2000
100 ## - MAIN ENTRY--PERSONAL NAME
Personal name Ray Blaine
9 (RLIN) 25713
245 ## - TITLE STATEMENT
Title Pauvre Anne
260 ## - PUBLICATION, DISTRIBUTION, ETC.
Place of publication, distribution, etc. New York
Name of publisher, distributor, etc. Blaine Ray Workshops
Date of publication, distribution, etc. 2000
300 ## - PHYSICAL DESCRIPTION
Extent 36 P.
650 ## - SUBJECT ADDED ENTRY--TOPICAL TERM
Topical term or geographic name entry element French language --- Readers
9 (RLIN) 22906
650 ## - SUBJECT ADDED ENTRY--TOPICAL TERM
Topical term or geographic name entry element Teenagers Fiction
9 (RLIN) 25714
942 ## - ADDED ENTRY ELEMENTS (KOHA)
Source of classification or shelving scheme Library of Congress Classification
Koha item type French Collection
Suppress in OPAC No
Holdings
Withdrawn status Lost status Source of classification or shelving scheme Damaged status Not for loan Collection Home library Current library Shelving location Date acquired Source of acquisition Total Checkouts Full call number Barcode Date last seen Copy number Cost, replacement price Price effective from Koha item type
    Library of Congress Classification     General Collection Books Main Campus Library Main Campus Library General Stacks 10/07/2025 Donation from books of Africa   PC 2129 .R39 2000 31272/2026 20/05/2026 C.4 4063.80 20/05/2026 French Collection
    Library of Congress Classification     General Collection Books Main Campus Library Main Campus Library General Stacks 10/07/2025 Donation from books of Africa   PC 2129 .R39 2000 31277/2026 20/05/2026 C.5 4063.80 20/05/2026 French Collection
    Library of Congress Classification     General Collection Books Main Campus Library Main Campus Library General Stacks 10/07/2025 Donation from books of Africa   PC 2129 .R39 2000 31276/2026 20/05/2026 C.6 4063.80 20/05/2026 French Collection
    Library of Congress Classification     General Collection Books Main Campus Library Main Campus Library General Stacks 10/07/2025 Donation from books of Africa   PC 2129 .R39 2000 31274/2026 20/05/2026 C.8 4063.80 20/05/2026 French Collection
    Library of Congress Classification     General Collection Books Main Campus Library Main Campus Library General Stacks 10/07/2025 Donation from books of Africa   PC 2129 .R39 2000 31273/2026 20/05/2026 C.9 4063.80 20/05/2026 French Collection
    Library of Congress Classification     General Collection Books Main Campus Library Main Campus Library General Stacks 10/07/2025 Donation from books of Africa   PC 2129 .R39 2000 31278/2026 20/05/2026 C.10 4063.80 20/05/2026 French Collection
    Library of Congress Classification     General Collection Books Main Campus Library Main Campus Library General Stacks 10/07/2025 Donation from books of Africa   PC 2129 .R39 2000 31275/2026 20/05/2026 C.7 4063.80 20/05/2026 French Collection

Powered by Koha